Uznesenie 27. zjazdu KSSZ O hlavných smeroch hospodárskeho a sociálneho rozvoja ZSSR na roky 1986 až 1990 a na obdobie do roku 2000

Bibliographic Details
Format: Article
Language:Slovak
Subjects:

MARC

LEADER 00000nab a2200000 a 4500
001 vtls000241625
003 SK-MaSNL
005 20260303201114.0
008 111130c1986 xo 0 slo
015 |a SNBRB19rr/mm-uuuuu 
035 |a CL0251739 
040 |a SNKBUCL  |b slo  |c SNKBUCL  |e AACR2 
041 0 |a slo 
044 |a xo  |c SK 
080 |a 329.15(47)  |2 1981 
245 0 0 |a Uznesenie 27. zjazdu KSSZ  |b O hlavných smeroch hospodárskeho a sociálneho rozvoja ZSSR na roky 1986 až 1990 a na obdobie do roku 2000 
650 0 7 |a KSSZ  |2 snkbucl  |9 921638 
650 0 7 |a stranícke zjazdy  |2 snkbucl  |9 101752 
650 0 7 |a Hlavné smery hospodárskeho a sociálneho rozvoja  |2 snkbucl  |9 1231757 
655 7 |a články z novín a časopisov  |2 snkbucl  |9 267496 
773 0 |t Pravda  |g Roč. 67, č. 60 (12. 3. 1986), s. 6 
850 |a Slovenská národná knižnica v Martine  |a MTA001 
852 |a SNK  |b KIS3GCP 
958 |a RK 
958 |a SU 
992 |a RBX 
999 |c 2171948  |d 2173878